00415pab a2200133 454500008004000000100001700040245011600057260000900173300001500182362000800197650003300205650001700238773002600255180718b2014 xxu||||| |||| 00| 0 eng d aChaney, Paul aElectoral politics and the party politicisation of human rights: The case of UK Westminster elections 1945-2010 c2014 ap.209-231. aJan aHuman rights - Great Britain aHuman rights aParliamentary Affairs